Science Bonanza - x (Record no. 6691)
[ view plain ]
| 000 -LEADER | |
|---|---|
| fixed length control field | 00203nam a22000857a 4500 |
| 008 - FIXED-LENGTH DATA ELEMENTS--GENERAL INFORMATION | |
| fixed length control field | 170612b xxu||||| |||| 00| 0 eng d |
| 100 ## - MAIN ENTRY--PERSONAL NAME | |
| 9 (RLIN) | 3354 |
| Personal name | NCERT |
| 245 ## - TITLE STATEMENT | |
| Title | Science Bonanza - x |
| 260 ## - PUBLICATION, DISTRIBUTION, ETC. (IMPRINT) | |
| Place of publication, distribution, etc. | New Delhi |
| Date of publication, distribution, etc. | 2009 |
No items available.